000 00276nam a22001097a 4500
008 170120b xxu||||| |||| 00| 0 eng d
020 _a0838513476
041 _aeng
080 _24TH
_a618.2
245 _aCURRENT/ EMEGENCY DIAGNOSIS & TREATMENT
_cSAUNDERS, CH.E
942 _2udc
_cBK
999 _c3217
_d3217